Information technology: strategic decision making for managers
Na minha lista:
| Autor principal: | |
|---|---|
| Formato: | Livro |
| Idioma: | inglês |
| Publicado em: |
Danvers
John Wiley
2005
|
| Assuntos: | |
| Tags: |
Adicionar Tag
Sem tags, seja o primeiro a adicionar uma tag!
|
MARC
| LEADER | 00000nam a2200000 a 4500 | ||
|---|---|---|---|
| 001 | UCJ0514 | ||
| 003 | CL-VaPUC | ||
| 008 | 060811e20050000US |||||||||||||||||eng|d | ||
| 020 | |a 0471652938 | ||
| 082 | 0 | 4 | |a 658.403 |b LUC |2 21 |
| 100 | |a Lucas, Henry C. |e autor |9 500745 | ||
| 245 | 1 | 0 | |a Information technology: strategic decision making for managers |
| 300 | |a 446 p | ||
| 942 | |c BK | ||
| 945 | |d 20060811 00:00:00 |a cmena | ||
| 260 | |a Danvers |b John Wiley |c 2005 | ||
| 650 | 0 | |a Gestión de la información |9 362327 | |
| 650 | 0 | |a Toma de decisiones |9 257530 | |
| 650 | 0 | |a Investigación de operaciones |9 356906 | |
| 650 | 0 | |a Administración de empresas |9 260833 | |
| 650 | 0 | |a Planificación estratégica |9 259735 | |
| 583 | |a last modification |c 20140406 06:12:59 |k Rodrigo Vera | ||
| 999 | |c 317347 |d 317345 | ||
| 952 | |0 0 |1 0 |4 0 |6 658_403000000000000_LUC_2005 |7 0 |8 A |9 393631 |a BIBING |b BIBING |d 2019-11-22 |i 4263189 |o 658.403 LUC 2005 |p 4263189 |r 2025-01-20 |w 2019-11-22 |y BK |k EII | ||